[Event "4th ch-EU"]
[Site "Liverpool ENG"]
[Date "2008.09.15"]
[Round "7"]
[White "Zhou,Y"]
[Black "Peek,Mar"]
[Result "1/2-1/2"]
[WhiteElo "2259"]
[BlackElo "2370"]

1.e4 c5 2.Nf3 Nc6 3.Nc3 d6 4.d4 cxd4 5.Nxd4 Nf6 6.Bb5 Bd7 7.O-O g6 8.a4 Bg7
9.Be3 Ng4 10.Nxc6 bxc6 11.Bxc6 Nxe3 12.Bxd7+ Qxd7 13.fxe3 Bxc3 14.bxc3 O-O
15.Qd4 Qe6 16.a5 Rfc8 17.Ra4 Rc5 18.Rb1 Rac8 19.Rb3 f6 20.h3 Kf7 21.a6 h5
22.Rb7 R8c7 23.Ra3 h4 24.Rab3 R7c6 25.Rxa7 Ra5 26.Rbb7 Rcxa6 27.Rxe7+ Qxe7
28.Rxa6 Rxa6 29.Qc4+ Qe6 30.Qxa6 Qxe4 31.Qd3 Qe5 32.e4 Qf4 33.c4  1/2-1/2

[Event "4th ch-EU"]
[Site "Liverpool ENG"]
[Date "2008.09.15"]
[Round "7"]
[White "Tebb,D"]
[Black "Wells,D"]
[Result "1-0"]
[WhiteElo "2215"]
[BlackElo "2016"]

1.e4 c5 2.Nc3 Nc6 3.Bb5 Nd4 4.Bc4 e6 5.Nge2 Nf6 6.O-O a6 7.d3 b5 8.Bb3 Nxb3
9.axb3 Bb7 10.Bg5 Be7 11.f4 d5 12.Bxf6 Bxf6 13.e5 Be7 14.f5 exf5 15.Rxf5 O-O
16.Ng3 Bc8 17.Qf3 Be6 18.Rf1 b4 19.Nce2 Qd7 20.Rf4 f6 21.exf6 Rxf6 22.Nh5 Rxf4
23.Nexf4 Bf7 24.Qg3 g6 25.Nh3 Qd6 26.Qxd6 Bxd6 27.Ng5 Rf8 28.Nf6+ Kg7 29.Nfxh7 Bg8
30.Nxf8 Bxf8 31.Ra1  1-0

[Event "4th Pichay Cup"]
[Site "Manila PHI"]
[Date "2008.09.15"]
[Round "3"]
[White "Hoang Canh Huan"]
[Black "Branzuela,A"]
[Result "1-0"]
[WhiteElo "2339"]
[BlackElo "2209"]

1.e4 c5 2.Nc3 Nc6 3.Bb5 g6 4.Bxc6 dxc6 5.Nf3 Bg7 6.h3 Nf6 7.d3 O-O 8.O-O Nd7
9.Bg5 f6 10.Be3 e5 11.Qd2 g5 12.g4 Qe7 13.Ne2 Rd8 14.Qc3 Bf8 15.Ng3 Nb8 16.Kg2 Na6
17.Rh1 Be6 18.h4 h6 19.hxg5 hxg5 20.Nf5 Bxf5 21.gxf5 Bg7 22.Nh2 Rd7 23.Ng4 Qf8
24.Qc4+ Qf7 25.Nh6+ Bxh6 26.Rxh6 Qxc4 27.dxc4 Rf8 28.Rah1 Kf7 29.Rh7+ Ke8
30.Rxd7 Kxd7 31.Rh7+ Kc8 32.Kg3 Rd8 33.Rf7 Rd6 34.Kg4 b6 35.Rxa7 Nb4 36.c3 Nc2
37.Rf7 Kd8 38.a4 Ke8 39.Rb7 Nxe3+ 40.fxe3 Rd2 41.Rxb6 Rh2 42.Rxc6 Rh4+ 43.Kf3 Rh3+
44.Kf2 Kf7 45.Rb6 g4 46.a5 Kg7 47.a6 Rh1 48.Rb3  1-0

[Event "IV Geller Memorial"]
[Site "Odessa UKR"]
[Date "2008.09.15"]
[Round "7"]
[White "Bernadskiy,V"]
[Black "Grekh,A"]
[Result "0-1"]
[WhiteElo "2214"]
[BlackElo "2362"]

1.e4 c5 2.Nc3 Nc6 3.Bb5 g6 4.Nf3 Bg7 5.Bxc6 dxc6 6.d3 Nf6 7.Be3 b6 8.h3 O-O
9.Qd2 e5 10.O-O-O Qd6 11.Bh6 a5 12.g4 Be6 13.Nh4 b5 14.Bxg7 Kxg7 15.Nf5+ Bxf5
16.exf5 Qd4 17.Rhe1 a4 18.g5 Nh5 19.Re4 Qd6 20.f6+ Kh8 21.Qe3 b4 22.Nb1 Qe6
23.Qxc5 b3 24.cxb3 axb3 25.a3 Rfe8 26.Rde1 Qxh3 27.Rxe5 Rxe5 28.Qxe5 h6 29.Qe3 Qf5
30.Nc3 Nf4 31.Ne4 Ng2 32.Qd2 Nxe1 33.Qxe1 Rd8 34.Qe3 hxg5 35.Kd2 c5 36.Kc1 Qd5
37.a4 c4 38.d4 Qxd4 39.Qxd4 Rxd4 40.Nxg5 Rf4  0-1

[Event "IV Geller Memorial"]
[Site "Odessa UKR"]
[Date "2008.09.15"]
[Round "7"]
[White "Khazankin,M"]
[Black "Hrinchuk,V"]
[Result "1-0"]
[WhiteElo "2106"]
[BlackElo "2136"]

1.e4 c5 2.Nc3 Nc6 3.Bb5 Nd4 4.Bc4 g6 5.Nf3 Bg7 6.Nxd4 cxd4 7.Qf3 e6 8.Nb5 d6
9.Qa3 Be5 10.d3 d5 11.exd5 exd5 12.Bb3 Qb6 13.O-O Ne7 14.Re1 Qf6 15.f4 Bb8
16.Bxd5 Kd8 17.Qc5 a6 18.Na3 b6 19.Qxe7+ Qxe7 20.Rxe7 Kxe7 21.Bxa8  1-0

[Event "4th Pichay Cup"]
[Site "Manila PHI"]
[Date "2008.09.16"]
[Round "4"]
[White "Goh Weiming"]
[Black "Pacis,A"]
[Result "1-0"]
[WhiteElo "2403"]
[BlackElo "2278"]

1.e4 c5 2.Nf3 Nc6 3.Nc3 g6 4.Bb5 Bg7 5.O-O Nh6 6.d3 O-O 7.Bxc6 bxc6 8.Rb1 d6
9.e5 f6 10.exd6 exd6 11.Re1 Nf7 12.Bf4 g5 13.Bc1 f5 14.h4 h6 15.hxg5 hxg5
16.Nh2 Bf6 17.f4 g4 18.Be3 Kg7 19.d4 Rh8 20.Nf1 d5 21.Na4 c4 22.Nc5 Nd6 23.Bf2 Ne4
24.Nxe4 dxe4 25.d5 cxd5 26.Bd4 Be6 27.b3 c3 28.b4 Kg6 29.b5 Rh7 30.Rb4 Rc8
31.Ra4 Rc4 32.Bxf6 Qxf6 33.Rxc4 dxc4 34.Qe2 Qd4+ 35.Qe3 Qd6 36.a4 Rd7 37.Qf2 Qb4
38.Ne3 Qe7 39.Rd1 Qa3 40.Rxd7 Bxd7 41.Nxc4 Qc1+ 42.Kh2 Be6 43.Ne5+ Kg7 44.Qxa7+ Kf6
45.Qf2 Kg7 46.b6 e3 47.Qh4 e2 48.Qg5+ Kh7 49.Qg6+  1-0

[Event "IV Geller Memorial"]
[Site "Odessa UKR"]
[Date "2008.09.16"]
[Round "8"]
[White "Loy,K"]
[Black "Stets,V"]
[Result "1-0"]
[WhiteElo "2104"]
[BlackElo "2265"]

1.e4 c5 2.Nc3 Nc6 3.Nf3 g6 4.d4 cxd4 5.Nxd4 Bg7 6.Be3 Nf6 7.Bc4 O-O 8.Bb3 a5
9.f3 d5 10.Bxd5 Nxd5 11.Nxd5 f5 12.Nxc6 bxc6 13.Nb6 Bxb2 14.Nxa8 Bxa1 15.Qxa1 fxe4
16.Nb6 exf3 17.O-O fxg2 18.Rxf8+ Qxf8 19.Nxc8 Qxc8 20.Bh6 Kf7 21.Qg7+ Ke6
22.Qxh7 Qe8 23.Bd2 Kd5 24.Qh3 e5 25.Qd3+ Ke6 26.Bxa5 c5 27.Qc4+ Kd6 28.Bb6 e4
29.Qxc5+ Ke6 30.c4 Qa4 31.Qd5+  1-0

[Event "4th ch-EU"]
[Site "Liverpool ENG"]
[Date "2008.09.17"]
[Round "9"]
[White "Dgebuadze,A"]
[Black "Pileckis,E"]
[Result "1/2-1/2"]
[WhiteElo "2562"]
[BlackElo "2443"]

1.e4 c5 2.Nc3 Nc6 3.Nge2 Nf6 4.d4 cxd4 5.Nxd4 e5 6.Ndb5 d6 7.Bg5 a6 8.Na3 b5
9.Bxf6 gxf6 10.Nd5 f5 11.Bd3 Be6 12.O-O Bxd5 13.exd5 Ne7 14.c4 Bg7 15.Rb1 O-O
16.b4 e4 17.Be2 Qb6 18.Rb3 Ng6 19.Qc1 Rfc8 20.Qg5 f4 21.h4 Qd4 22.cxb5 Qd2
23.b6 Rab8 24.h5 Qxe2 25.hxg6 hxg6 26.Qxf4 Be5 27.Qh4 Qxa2 28.Rh3 Qxd5 29.Re1 Rxb6
30.Nc2 Rbc6 31.f4 Bc3 32.Kh2 Qf5 33.Ne3 Qh5 34.Qe7 Qxh3+ 35.Kxh3 Bxe1 36.Nd5 Rc3+
37.Nxc3 Rxc3+ 38.g3 Bxg3 39.Qxe4 Bxf4+ 40.Kg2 Be3 41.Qa8+ Kg7 42.Qxa6 Bf4
43.b5 g5 44.b6 Rb3 45.Qc4 Rb1 46.Qd5 Be5 47.b7 g4 48.Qd2 f6 49.Qe2 f5 50.Qa6 Rb2+
51.Kf1 Kf6 52.Qa8 d5 53.Qa6+ Kg5 54.Qa1 Rxb7 55.Qxe5 Rb3 56.Qxd5 Rf3+ 57.Ke2 Kh4
58.Qd1 Kg3 59.Qg1+ Kh3 60.Qh1+ Kg3 61.Ke1 f4 62.Qh5 Re3+ 63.Kf1 f3 64.Qc5 Re2
65.Qd6+ Kh3 66.Qh6+ Kg3  1/2-1/2

[Event "IV Geller Memorial"]
[Site "Odessa UKR"]
[Date "2008.09.17"]
[Round "9"]
[White "Khazankin,M"]
[Black "Polyakov,M"]
[Result "0-1"]
[WhiteElo "2106"]
[BlackElo "2283"]

1.e4 c5 2.Nc3 Nc6 3.Bb5 a6 4.Bxc6 dxc6 5.d3 e5 6.Be3 Nf6 7.h3 Be6 8.Nf3 Bd6
9.O-O b5 10.b3 O-O 11.Qe2 Ne8 12.Nd2 Nc7 13.a4 Bd7 14.Ra2 Ne6 15.Rfa1 Nd4
16.Qd1 Qa5 17.Ncb1 Qb6 18.c3 Ne6 19.Nf1 Rfd8 20.g3 Qb7 21.Nbd2 Bc8 22.Nf3 Qe7
23.h4 f6 24.h5 Qf7 25.Nh4 Bf8 26.f4 c4 27.bxc4 bxc4 28.d4 exd4 29.cxd4 Nxd4
30.Rd2 c5 31.Ra3 Bb7 32.Qb1 Rab8 33.Rc3 Re8 34.Rb2 Bxe4 35.Qa2 Rxb2 36.Qxb2 Bd3
37.Bxd4 cxd4 38.Rc1 Bc5 39.Qd2 Qxh5 40.Qa5 Bxf1 41.Rxf1 Qd5 42.Kh2 d3 43.Kh3 Re2
44.Qxa6 Qe6+ 45.Qxe6+ Rxe6 46.Rd1 Ra6 47.Rb1 c3 48.Rb8+ Bf8 49.Rb3 d2  0-1

[Event "II ROMGAZ Open"]
[Site "Bucharest ROU"]
[Date "2008.09.18"]
[Round "8"]
[White "Lupulescu,C"]
[Black "Grigore,Ge"]
[Result "1-0"]
[WhiteElo "2589"]
[BlackElo "2517"]

1.e4 c5 2.Nc3 Nc6 3.Nge2 d6 4.d4 cxd4 5.Nxd4 e5 6.Nf3 Be7 7.Be2 Be6 8.O-O h6
9.Re1 Nf6 10.h3 d5 11.Bb5 d4 12.Nxe5 dxc3 13.Nxc6 bxc6 14.Bxc6+ Bd7 15.Bxa8 cxb2
16.Bxb2 Qxa8 17.Qd3 Bc6 18.Ba3 Nd7 19.Bxe7 Kxe7 20.Qa3+ Kd8 21.Rad1 Re8 22.Qg3 g6
23.Qf4 Re7 24.Qxh6 Ke8 25.Qh8+ Nf8 26.Rd4 Qb7 27.Red1 Bd7 28.f3 Qb6 29.Kh1 a5
30.Rd5 a4 31.a3 Qc7 32.c3 Qc8 33.R5d4 Qc7 34.R1d2 Qc6 35.Rb4 Qc7 36.Rd1 Qc6
37.Qd4 f6 38.Rb6 Ne6 39.Rxc6 Nxd4 40.Rxf6 Nb5 41.Rxg6 Nxa3 42.Ra6 Nc4 43.Rd4 Bb5
44.Ra8+ Kf7 45.Rxa4 Bxa4 46.Rxc4 Bb3 47.Rc5 Ke6 48.h4 Kd6 49.Ra5 Rc7 50.Kh2 Be6
51.g4 Rxc3 52.Kg3 Ke7 53.h5 Bf7 54.Ra7+ Kf8 55.h6 Rc1 56.g5 Rh1 57.f4 Kg8
58.f5 Rg1+ 59.Kf4 Bh5 60.g6 Bxg6 61.Rg7+  1-0

[Event "II ROMGAZ Open"]
[Site "Bucharest ROU"]
[Date "2008.09.18"]
[Round "8"]
[White "De Groote,E"]
[Black "Nuta,D"]
[Result "1/2-1/2"]
[WhiteElo "2251"]
[BlackElo "2136"]

1.e4 c5 2.Nf3 Nc6 3.Nc3 e5 4.Bc4 d6 5.d3 Be7 6.Nd2 Nf6 7.Nf1 O-O 8.Ne3 a6
9.a3 b5 10.Ba2 Be6 11.Ncd5 Rc8 12.c3 a5 13.a4 b4 14.Qf3 Bxd5 15.Nxd5 Nxd5
16.Bxd5 Bg5 17.Be3 Kh8 18.h4 Bxe3 19.fxe3 Ne7 20.Bc4 d5 21.exd5 Qd6 22.e4 f5
23.O-O Rf6 24.exf5 Nxf5 25.Qxf5 Rxf5 26.Rxf5 Rf8 27.Raf1 Rxf5 28.Rxf5 Kg8
29.Kf2 g6 30.Rf3 Kg7 31.Ke3 Qd7 32.g3 bxc3 33.bxc3 Qxa4 34.Ke4 Qd7 35.Kxe5 Qe7+
36.Kf4 Qf6+ 37.Ke3 Qxc3 38.Rf2 Qd4+ 39.Kf3 Kf6 40.Kg2+ Ke7 41.Re2+ Kd7 42.Re6 a4
43.Ra6 a3 44.Kf3 h5 45.Rxa3 Qg4+ 46.Kf2 Qd4+ 47.Kf3 Qf6+ 48.Ke3 g5 49.Ra7+ Kd8
50.hxg5 Qxg5+ 51.Kf3 Kc8 52.Ra6 Qg4+ 53.Kf2  1/2-1/2

[Event "EYg18"]
[Site "Herceg Novi MNE"]
[Date "2008.09.18"]
[Round "4"]
[White "Kalashyan,V"]
[Black "Ohme,M"]
[Result "1/2-1/2"]
[WhiteElo "2049"]
[BlackElo "2245"]

1.e4 c5 2.Nf3 Nc6 3.Nc3 d6 4.d4 cxd4 5.Nxd4 Nf6 6.Be2 e5 7.Nf3 h6 8.O-O Be7
9.Re1 O-O 10.h3 a6 11.a4 Be6 12.Bf1 Qa5 13.Qd2 Kh8 14.b3 Rac8 15.Bb2 Rc7
16.Rac1 Rfc8 17.Nb1 Qb6 18.Na3 Na5 19.Qe3 Qxe3 20.fxe3 Nxe4 21.Bd3 Ng5 22.Nd2 Nc6
23.e4 Nd4 24.Nac4 Rd8 25.Bxd4 exd4 26.h4 Nh7 27.Nf3 d5 28.Nce5 dxe4 29.Rxe4 Bxb3
30.Nc6 bxc6 31.cxb3 Bf6 32.Bxa6 Nf8 33.Bc4 c5 34.a5 Ra7 35.a6 Nd7 36.b4 cxb4
37.Nxd4 Rc8 38.Nb3 Rac7 39.Rd1 Nb6 40.Bb5 Bc3 41.Rd6 Rb8 42.Bc6 Kh7 43.Bb7 Na8
44.Na5 f5 45.Ree6 Rf8 46.Kf1 Rc5 47.Nb3 Rc4 48.h5 Rh4 49.Nc5 Rh1+ 50.Kf2 Nc7
51.Re7 Nb5 52.Ne6 Rg8 53.Rd5 Na7 54.Rxf5 Nc8 55.Rd7 Re8 56.Be4 Kg8 57.Bd5 Kh7
58.Nf8+ Kh8 59.Ng6+ Kh7 60.Nf8+ Kh8 61.Be6 Ra1 62.Ng6+ Kh7 63.Nf8+ Kh8 64.g4 Rxa6
65.Ng6+ Kh7 66.Bb3 Bf6 67.Bc4 Rc6 68.Bb3 Nd6 69.Rf4 Ne4+ 70.Rxe4 Rxe4 71.Nf8+ Kh8
72.Ng6+ Kh7 73.Nf8+  1/2-1/2

[Event "4th Pichay Cup"]
[Site "Manila PHI"]
[Date "2008.09.18"]
[Round "7"]
[White "Hoang Canh Huan"]
[Black "Pacis,A"]
[Result "1-0"]
[WhiteElo "2339"]
[BlackElo "2278"]

1.e4 c5 2.Nc3 Nc6 3.Bb5 g6 4.Nf3 Bg7 5.Bxc6 bxc6 6.d3 Nh6 7.h3 f6 8.O-O O-O
9.Nh2 f5 10.Be3 d6 11.Qd2 Nf7 12.f4 Bd7 13.Rae1 Qc7 14.Nf3 Rae8 15.e5 dxe5
16.Bxc5 exf4 17.Bxe7 Rxe7 18.Rxe7 g5 19.Rxf7 Rxf7 20.Nxg5 Bd4+ 21.Kh1 Re7
22.Ne2 Bf6 23.Nf3 Re3 24.Nfg1 Be5 25.Rf3 Qb6 26.Nxf4 Rxf3 27.Nxf3 Bxf4 28.Qxf4 Qxb2
29.Qc7 Be6 30.c4 Qxa2 31.Qb8+ Kf7 32.Qc7+ Kg6 33.Qe5 Bf7 34.Nh4+  1-0

[Event "4th Pichay Cup"]
[Site "Manila PHI"]
[Date "2008.09.18"]
[Round "8"]
[White "Zhou Weiqi"]
[Black "Wan Yunguo"]
[Result "1-0"]
[WhiteElo "2556"]
[BlackElo "2471"]

1.e4 c5 2.Nf3 Nc6 3.Nc3 Nf6 4.Bb5 Qc7 5.O-O Nd4 6.Re1 a6 7.Bc4 e6 8.e5 Ng4
9.Nxd4 cxd4 10.Qxg4 Qxc4 11.Ne4 Qd5 12.d3 Qxe5 13.Bf4 h5 14.Qg3 Qf5 15.Nd6+ Bxd6
16.Bxd6 Qg4 17.Qe5 f6 18.Qc5 Kf7 19.a4 Qg5 20.Qxg5 fxg5 21.a5 b6 22.axb6 Bb7
23.Ra4 Rhc8 24.Bc7 Rxc7 25.bxc7 Rc8 26.Rxd4 Rxc7 27.Rb4 a5 28.Rc4 Bc6 29.Ra1 Rb7
30.b3 Rb5 31.f3 Kf6 32.Kf2 Rf5 33.h3 Rd5 34.Ke3 e5 35.h4 gxh4 36.Rxh4 g6
37.c4 Rc5 38.Rhh1 Ke7 39.Ra3 d5 40.Rha1 dxc4 41.dxc4 a4 42.bxa4 Rxc4 43.a5 Rc2
44.R1a2  1-0

[Event "Liga Nacional Ajedrez"]
[Site "Villa Martelli ARG"]
[Date "2008.09.20"]
[Round "7"]
[White "Cubas,Jo"]
[Black "Real de Azua,E"]
[Result "1-0"]
[WhiteElo "2428"]
[BlackElo "2429"]

1.e4 c5 2.Nf3 Nc6 3.Nc3 e5 4.Bc4 Be7 5.d3 d6 6.O-O Nf6 7.Ng5 O-O 8.f4 Bg4
9.Qe1 exf4 10.Bxf4 Nd4 11.Qd2 Qd7 12.Be3 h6 13.Nf3 Nxf3+ 14.gxf3 Be6 15.Kh1 Kh7
16.Bxe6 fxe6 17.Qg2 Qe8 18.Rg1 Qf7 19.f4 d5 20.Ne2 Rac8 21.Raf1 Rg8 22.f5 e5
23.Qh3 dxe4 24.Rg6 Bf8 25.dxe4 Nxe4 26.Rfg1 Nf6 27.Nc3 Rc6 28.Bg5 e4 29.Bxf6 Rxf6
30.Nxe4 Rxf5 31.Ng5+ Rxg5 32.R6xg5 Be7 33.Qf5+ Qxf5 34.Rxf5 Bf6 35.c3 b6
36.Rd1 Re8 37.Rd7 Kg6 38.Rf2 a5 39.Rd6 Rb8 40.a4 h5 41.Kg2 Kg5 42.Kf3 Kf5
43.Rd5+ Kg6 44.Rg2+ Kh6 45.Ke4 Re8+ 46.Kd3 Re6 47.Re2  1-0

[Event "Open"]
[Site "Yuzhny UKR"]
[Date "2008.09.20"]
[Round "1"]
[White "Solodovnichenko,Y"]
[Black "Trofimova,Ana"]
[Result "1-0"]
[WhiteElo "2541"]
[BlackElo "1991"]

1.e4 c5 2.Nc3 Nc6 3.Nge2 g6 4.d4 cxd4 5.Nxd4 Bg7 6.Be3 Nf6 7.Bc4 O-O 8.Bb3 e6
9.f4 Na5 10.Qe2 Nxb3 11.axb3 e5 12.fxe5 Nh5 13.g4 d5 14.gxh5 Qh4+ 15.Bf2 Qh3
16.Nxd5 Bg4 17.Qe3 Qxh5 18.Nf6+ Bxf6 19.exf6 Rfe8 20.Bg3 Rad8 21.O-O Qc5
22.c3  1-0

[Event "EYb10"]
[Site "Herceg Novi MNE"]
[Date "2008.09.21"]
[Round "6"]
[White "Acsinte,M"]
[Black "Mamedov,Elm"]
[Result "0-1"]
[WhiteElo "1606"]
[BlackElo "1793"]

1.e4 c5 2.Nc3 Nc6 3.Bb5 Nf6 4.Bxc6 bxc6 5.f4 g6 6.Nf3 Bh6 7.d3 Qc7 8.g3 O-O
9.Be3 d6 10.h3 Nh5 11.Ne2 d5 12.e5 d4 13.Bd2 Ng7 14.g4 Ne6 15.f5 Bxd2+ 16.Qxd2 Ng7
17.Qh6 f6 18.fxg6 hxg6 19.Qxg6 Be6 20.exf6 Rxf6 21.Qg5 Rxf3 22.Qxc5 Bd5 23.Qxd4 Raf8
24.O-O-O e5 25.Qc5 Ne6 26.Qc3 Rf2 27.Rhe1 Bf3 28.Rd2 Bxe2 29.Rdxe2 Rxe2 30.Rxe2 Nd4
31.Re1 Rf2 32.Qc4+ Kg7 33.c3 Nf3 34.Re3 Qb6  0-1

[Event "9th YM Open"]
[Site "Lausanne SUI"]
[Date "2008.09.21"]
[Round "5"]
[White "Netzer,Je"]
[Black "Myers,G"]
[Result "1-0"]
[WhiteElo "2362"]
[BlackElo "2091"]

1.e4 c5 2.Nc3 Nc6 3.Bb5 Nd4 4.Bc4 a6 5.a4 e6 6.Nf3 Nf6 7.e5 d5 8.exf6 dxc4
9.fxg7 Bxg7 10.d3 cxd3 11.Qxd3 Qf6 12.Ne4 Nxf3+ 13.gxf3 Qd4 14.Qxd4 cxd4
15.Rg1 Be5 16.Bg5 f5 17.f4 Bc7 18.Nd2 Rg8 19.Rg3 Bd7 20.Nb3 e5 21.fxe5 Bxe5
22.f4 Bh8 23.Rh3 Rg7 24.O-O-O Rf7 25.Nxd4 Bxa4 26.Re3+ Kd7 27.b3 Bc6 28.Nb5+  1-0

[Event "5th CHN-RUS"]
[Site "Ningpo CHN"]
[Date "2008.09.21"]
[Round "4"]
[White "Ruan Lufei"]
[Black "Kovalevskaya,E"]
[Result "1-0"]
[WhiteElo "2499"]
[BlackElo "2435"]

1.e4 c5 2.Nf3 Nc6 3.Nc3 e5 4.Bc4 Be7 5.d3 d6 6.Nd2 Bg5 7.Qh5 g6 8.Qd1 Be6
9.a4 Nf6 10.h4 Bh6 11.Nd5 Bg7 12.Nxf6+ Bxf6 13.Bxe6 fxe6 14.c3 Qe7 15.Nf3 O-O-O
16.Bh6 d5 17.Qe2 Rd7 18.O-O-O d4 19.c4 Qd8 20.Qc2 a6 21.Kd2 Bg7 22.Bg5 Qc7
23.Ke2 h6 24.Bd2 a5 25.Rdf1 Rf7 26.Rh3 Nb4 27.Bxb4 axb4 28.Rg3 Rf6 29.Ra1 Kd7
30.a5 Ra8 31.Qa4+ Kd6 32.Qb5 Qc6 33.Qxc6+ bxc6 34.a6 Ra7 35.Ra4 Bf8 36.Nh2 h5
37.Rf3 Be7 38.g3 Kc7 39.b3 Kb6 40.Rxf6 Bxf6 41.Kf3 Rxa6 42.Rxa6+ Kxa6 43.Kg2 Kb6
44.Kh3 Kc7 45.g4 hxg4+ 46.Kxg4 Kd7 47.h5 gxh5+ 48.Kxh5 Kd6 49.Ng4 Bd8 50.Kg6 Bh4
51.Kf7 Bg5 52.f3 Bh4 53.Nf6 Bg5 54.Ne8+ Kd7 55.Ng7 Kd6 56.Nxe6 Bd2 57.Kf6 Be3
58.Kf5 Bd2 59.Nd8  1-0

[Event "Open"]
[Site "Yuzhny UKR"]
[Date "2008.09.21"]
[Round "2"]
[White "Loy,K"]
[Black "Bogdanovich,S"]
[Result "1-0"]
[WhiteElo "2104"]
[BlackElo "2299"]

1.e4 c5 2.Nf3 Nc6 3.Nc3 g6 4.d4 cxd4 5.Nxd4 Bg7 6.Be3 Nf6 7.Bc4 Qa5 8.O-O O-O
9.Bb3 d6 10.h3 Bd7 11.Re1 Rac8 12.Qd3 a6 13.Nf3 Qh5 14.Bf4 Rfd8 15.Rad1 h6
16.e5 Bf5 17.Qe3 dxe5 18.Rxd8+ Rxd8 19.Nxe5 Nxe5 20.Bxe5 Bc8 21.Qb6 Rf8 22.Bxf6 Bxf6
23.Nd5 Qg5 24.Nxf6+ Qxf6 25.Qxf6 exf6 26.Re7 Kg7 27.Kf1 f5 28.Rc7 Kf6 29.Bxf7 Rxf7
30.Rxc8 Re7 31.Rc3 f4 32.f3 Kg5 33.Kf2 h5 34.Rd3 Kh4 35.c4 Rc7 36.b3 g5 37.a3 Rc6
38.Rd4 Re6 39.Rd3 Rc6 40.a4 Rc7 41.Rd2 Re7 42.Rd3 Re6 43.b4 Rc6 44.Rd4 b6
45.c5 bxc5 46.Rc4 Rc8 47.bxc5 Rc6 48.a5 Rc8 49.c6 Rc7 50.Rc2 g4 51.hxg4 hxg4
52.fxg4 Kxg4 53.Rc5  1-0

[Event "Autumn-3"]
[Site "Alushta UKR"]
[Date "2008.09.22"]
[Round "11"]
[White "Demchenko,A"]
[Black "Shtyrenkov,V"]
[Result "1-0"]
[WhiteElo "2495"]
[BlackElo "2348"]

1.e4 c5 2.Nf3 Nc6 3.Nc3 Nf6 4.Bb5 Qc7 5.O-O e6 6.Re1 Ne5 7.Bf1 d6 8.Nb5 Qb8
9.d4 cxd4 10.Nbxd4 a6 11.c4 Be7 12.b3 O-O 13.Bb2 Rd8 14.Qe2 Ng6 15.a4 Bd7
16.a5 Qc7 17.g3 Be8 18.Bg2 Nd7 19.Rec1 Nc5 20.Qc2 Rac8 21.b4 Nd7 22.Qe2 Qb8
23.b5 Nc5 24.Ba3 Qc7 25.b6 Qd7 26.Rd1 Bf6 27.Ra2 Qe7 28.Bb4 Ba4 29.Rb1 Be8
30.Rd2 Ba4 31.h4 h6 32.Qe3 Be8 33.Bf1 Ba4 34.Re1 Qf8 35.Qa3 Be8 36.Bh3 Be7
37.e5 Nxe5 38.Nxe5 dxe5 39.Rxe5 Bd6 40.Ree2 Ne4 41.Bxd6 Qxd6 42.Qxd6 Nxd6
43.Nxe6 fxe6 44.Bxe6+ Nf7 45.Bxc8 Rxc8 46.Re7 Bc6 47.f4 h5 48.Kf2 Rf8 49.Rc7 Nh6
50.Rd6 Be4 51.Rdd7 Rf7 52.Rxf7 Nxf7 53.Rc8+ Kh7 54.c5  1-0

[Event "EYb18"]
[Site "Herceg Novi MNE"]
[Date "2008.09.23"]
[Round "8"]
[White "Pereira,Rub"]
[Black "Sarenac,D"]
[Result "1-0"]
[WhiteElo "2418"]
[BlackElo "2222"]

1.e4 c5 2.Nc3 Nc6 3.Bb5 Nd4 4.Nf3 e6 5.Bc4 Ne7 6.Nxd4 cxd4 7.Ne2 Qb6 8.O-O g6
9.d3 Bg7 10.Bb3 O-O 11.f4 Qc5 12.Kh1 b5 13.Qe1 Bb7 14.Qf2 Rac8 15.Bd2 Qb6
16.Ng3 f5 17.Bb4 Rce8 18.e5 Rf7 19.Bxe7 Rfxe7 20.Ne2 d6 21.Nxd4 dxe5 22.fxe5 Bxe5
23.Nxe6 Qxf2 24.Rxf2 Kh8 25.c3 Bf6 26.Nf4 Bh4 27.Rff1 g5 28.Nd5 Re5 29.d4 Rxd5
30.Bxd5 Bxd5 31.Rxf5 Ba8 32.Raf1 Kg8 33.Rxb5 g4 34.Re5 Rd8 35.Kg1 Kg7 36.Ra5 Rd7
37.Rf4  1-0

[Event "5th Highlands Open A"]
[Site "Zdar nad Sazavou CZE"]
[Date "2008.09.23"]
[Round "4"]
[White "Petr,Ma"]
[Black "Svoboda,V2"]
[Result "1-0"]
[WhiteElo "2451"]
[BlackElo "2254"]

1.e4 c5 2.Nf3 Nc6 3.Nc3 g6 4.d4 cxd4 5.Nxd4 Bg7 6.Be3 Nf6 7.Nxc6 bxc6 8.e5 Ng8
9.Bd4 Nh6 10.e6 O-O 11.Bxg7 Kxg7 12.exd7 Qxd7 13.Qxd7 Bxd7 14.O-O-O Rad8
15.Be2 Bg4 16.Rhe1 Bxe2 17.Rxe2 Rxd1+ 18.Nxd1 Kf6 19.Re4 Rd8 20.Ne3 e6 21.Rc4 Rc8
22.b4 Nf5 23.Nxf5 Kxf5 24.Kb2 e5 25.Kc3 Ke6 26.Rc5 Kd6 27.Kc4 f5 28.Ra5 Rc7
29.Ra6 h5 30.h4 Ke7 31.Kc5 e4 32.Kd4 Rb7 33.a3 Kd6 34.c4 Rd7 35.b5 Ke7+ 36.Ke5 cxb5
37.cxb5 Kf7 38.a4 Rc7 39.Kf4 Rd7 40.a5 Rb7 41.b6 axb6 42.Rxb6 Ra7 43.a6 Ra8
44.Kg5 Rg8 45.g3  1-0

[Event "EYb18"]
[Site "Herceg Novi MNE"]
[Date "2008.09.24"]
[Round "9"]
[White "Salgado Lopez,I"]
[Black "Can,E"]
[Result "1-0"]
[WhiteElo "2532"]
[BlackElo "2460"]

1.e4 c5 2.Nf3 Nc6 3.Nc3 g6 4.d4 cxd4 5.Nxd4 Bg7 6.Be3 Nf6 7.Bc4 O-O 8.Bb3 d6
9.f3 Bd7 10.Qd2 Na5 11.Bh6 Bxh6 12.Qxh6 e5 13.Nde2 Nxb3 14.axb3 b5 15.Qd2 b4
16.Na2 d5 17.exd5 a5 18.O-O Qb6+ 19.Kh1 Rfc8 20.Rad1 Bf5 21.c4 bxc3 22.Naxc3 Qxb3
23.Ng3 Qc2 24.Qg5 Nd7 25.Rd2 f6 26.Qh6 Qb3 27.Nxf5 gxf5 28.f4 e4 29.Qh3 Qc4
30.Rg1 Nc5 31.g4 Kh8 32.Qh6 Nd7 33.g5 fxg5 34.Qe6 Qc7 35.Rdg2 Nc5 36.Qf6+ Qg7
37.Qxg7+ Kxg7 38.Rxg5+ Kf6 39.Nd1 Ke7 40.Ne3 Kd6 41.Nc4+ Kxd5 42.Nb6+ Kd4
43.Rc1 Nd3 44.Rxc8 Rxc8 45.Nxc8 e3 46.Nd6 e2 47.Nxf5+ Ke4 48.Ng3+ Kxf4 49.Rf5+ Kg4
50.Kg2 e1=N+ 51.Kf1 Nf3 52.Rxa5 Nxb2 53.Kg2 Ne1+ 54.Kh1 Nbd3 55.Ra6 Kg5 56.Ra7 Kg6
57.Ra5 Nf2+ 58.Kg1 Ng4 59.h3 Nf3+ 60.Kg2 Nh4+ 61.Kf1 Nf6 62.Kf2 Kf7 63.Nh5 Ng8
64.Nf4 Ng6 65.Ra7+ Ke8 66.Nd5 N6e7 67.Nxe7 Nxe7 68.Kf3 Kf7 69.Kg4 Kf6 70.Kh5 Ke6
71.Kh6 Nf5+ 72.Kg5 Ne7 73.h4 Kf7 74.h5 Ke6 75.Kh6 Kf6 76.Kxh7  1-0

[Event "EYb18"]
[Site "Herceg Novi MNE"]
[Date "2008.09.24"]
[Round "9"]
[White "Shukh,N"]
[Black "Baryshpolets,A"]
[Result "0-1"]
[WhiteElo "2370"]
[BlackElo "2413"]

1.e4 c5 2.Nf3 Nc6 3.Nc3 d6 4.d4 cxd4 5.Nxd4 Nf6 6.Bg5 e6 7.Qd2 a6 8.O-O-O h6
9.Bh4 Nxe4 10.Qf4 Ng5 11.Qg3 Nxd4 12.Rxd4 Qb6 13.Rd2 Nh7 14.Qf3 Qb4 15.Bg3 Nf6
16.a3 Qb6 17.Bd3 Be7 18.Bh4 Bd7 19.Re1 Rc8 20.g4 d5 21.Bf1 Ne4 22.Bxe7 Rxc3
23.Qf4 Nxd2 24.Bb4 Nb3+ 25.Kb1 Rc8 26.cxb3 a5 27.Bd6 Rc6 28.Be5 f6 29.Bd4 Qxb3
30.Qb8+ Rc8 31.Qd6 Qc2+ 32.Ka2 Qc6 33.Qg3 O-O 34.f4 Qd6 35.Bd3 b5 36.Bb1 Rc4
37.Qd3 Rxd4 38.Qxd4 b4 39.Qd3 f5 40.gxf5 Rxf5 41.Qg3 Rxf4 42.Rg1 Qe5 43.axb4 axb4
44.Rf1 g5 45.Re1 Qd4  0-1

[Event "EYb18"]
[Site "Herceg Novi MNE"]
[Date "2008.09.24"]
[Round "9"]
[White "Green,An"]
[Black "Izso,D"]
[Result "0-1"]
[WhiteElo "2038"]
[BlackElo "2233"]

1.e4 c5 2.Nf3 Nc6 3.Nc3 e5 4.Bc4 Be7 5.d3 d6 6.Nd2 Nf6 7.Nf1 Bg4 8.f3 Be6
9.Ne3 O-O 10.O-O Rb8 11.Kh1 Nd4 12.a4 Nh5 13.Ncd5 Bg5 14.c3 Nc6 15.g3 g6
16.f4 exf4 17.gxf4 Bh4 18.f5 Bxd5 19.Nxd5 Ne5 20.Ba2 Kg7 21.d4 cxd4 22.cxd4 Nd7
23.Qg4 Bf6 24.Be3 Rc8 25.Rac1 Rxc1 26.Rxc1 Nb6 27.fxg6 hxg6 28.Rg1 Rh8 29.Nxf6 Qxf6
30.a5 Nd7 31.Bc4 Qe7 32.Rf1 Ndf6 33.Qf3 Qxe4 34.Kg2 Re8 35.Qxe4 Rxe4 36.Kf3 Rh4
37.Kg2 d5 38.Bd3 Ne4 39.Rc1 Nf4+ 40.Bxf4 Rxf4 41.Bxe4 Rxe4 42.Rc7 Re2+ 43.Kg3 Rxb2
44.Rc5 Kf6 45.Rxd5 Ke6 46.Rc5 Kd6 47.h4 Rb4 48.Rg5 Rxd4 49.h5 gxh5 50.Rxh5 Rd5
51.Rh6+ Kc7 52.a6 Rd6  0-1

[Event "Open"]
[Site "Yuzhny UKR"]
[Date "2008.09.24"]
[Round "7"]
[White "Rymskyy,A"]
[Black "Bogdanovich,S"]
[Result "0-1"]
[WhiteElo "2151"]
[BlackElo "2299"]

1.e4 c5 2.Nf3 Nc6 3.Nc3 g6 4.d4 cxd4 5.Nxd4 Bg7 6.Be3 Nf6 7.Bc4 Qa5 8.O-O O-O
9.Bb3 d6 10.h3 Bd7 11.Re1 Rac8 12.Qd3 a6 13.Rad1 Nxd4 14.Bxd4 Bc6 15.Nd5 Bxd5
16.exd5 Rfe8 17.Re2 Nd7 18.Bxg7 Kxg7 19.Qd4+ Kg8 20.Rde1 Rc7 21.a3 Nf6 22.Kh2 Kf8
23.c3 Qc5 24.Qd2 b5 25.Qh6+ Kg8 26.Rd1 Kh8 27.Rd4 Ng8 28.Qh4 Kg7 29.f4 Nf6
30.f5 Qa7 31.g4 Ng8 32.fxg6 hxg6 33.g5 Rf8 34.Rde4 Rcc8 35.Qg3 Qd7 36.Qe3 f6
37.h4 Qc7 38.Rg2 e5 39.gxf6+ Rxf6 40.Reg4 Ne7 41.Bc2 Rh8 42.Qg3 Rh6 43.Rg5 Qc4
44.h5 Qxd5 45.Qh3 Qe6 46.Qh4 d5 47.Kg1 e4 48.Qg3 Qb6+ 49.Kh2 Qd6 50.Qxd6 Rxd6
51.Kg1 Kf6 52.hxg6 Rxg6 53.Rxg6+ Nxg6 54.Kf2 Ke5 55.Bd1 Rf6+ 56.Ke3 Nh4 57.Rg8 Nf5+
58.Kd2 Rh6 59.Re8+ Kf4 60.Rf8 Rh2+ 61.Kc1 e3  0-1

[Event "Open"]
[Site "Yuzhny UKR"]
[Date "2008.09.24"]
[Round "8"]
[White "Loy,K"]
[Black "Rymskyy,A"]
[Result "0-1"]
[WhiteElo "2104"]
[BlackElo "2151"]

1.e4 c5 2.Nc3 Nc6 3.Nf3 g6 4.d4 cxd4 5.Nxd4 Bg7 6.Be3 d6 7.Bc4 Nf6 8.f3 O-O
9.Qd2 Bd7 10.h4 Qa5 11.Bb3 Rfc8 12.O-O-O Ne5 13.h5 Rxc3 14.h6 Rc5 15.Qxa5 Rxa5
16.hxg7 h5 17.g4 Kxg7 18.gxh5 Nxh5 19.Rdg1 Rh8 20.Bg5 Kf8 21.Bd2 Rc5 22.Bc3 Rh7
23.f4 Ng4 24.Rh4 Nhf6 25.Rxh7 Nxh7 26.Nf3 Rh5 27.e5 dxe5 28.Nxe5 Nxe5 29.Bxe5 Bc6
30.Rd1 Rh1 31.Rxh1 Bxh1 32.Kd2 g5 33.Ke3 f6 34.Bb8 a6 35.c4 Kg7 36.c5 gxf4+
37.Kxf4 Ng5 38.Bc4 Bc6 39.b4 Nf3 40.a3 e5+ 41.Ke3 Nd4 42.Bd3 Nb5 43.Bxb5 Bxb5
44.Ke4 Bc6+ 45.Kf5 Kf7 46.Bc7 Ba4 47.Ke4 Ke6 48.Kd3 Kd5 49.Bd8 f5 50.Bg5 f4
51.Kc3 Ke4 52.Bf6 Kf5 53.Bh4 Kg4 54.Bf6 e4 55.Kd4 Kf3 56.Bg5 e3 57.Kc3 Kg4
58.Bh6 Kf3 59.Bg5 Ke4  0-1